000
00321nam a2200133Ia 4500
008
240624s9999 xx 000 0 und d
041
_a
eng
082
_a
050 STE
100
_a
ASH CAROLINE
245
_a
TOP 10 OF EVERYTHING 2013
260
_c
2012
_a
New York
_b
Sterling Publishing
300
_a
256 : p.
365
_c
_b
10
999
_c
21788
_d
21788